=LDR 00000nam 2200000 4500 =001 INLIS000000000034342 =005 20200902100619 =035 ##$$a 0010-061300000034342 =008 200902################g##########0#ind## =041 ##$$a ind =082 ##$$a 303.6 =090 ##$$a 303.6, Pet k =100 ##$$a Petebang, Edi =245 1#$$a Konflik etnik di Sambas /$c Edi Petebang dan Edi Sutrisno ; editor, Stanley =260 ##$$a [ s.l ] :$b ISAI,$c 2000 =300 ##$$a x, 204 hlm, : $b ilus, ; $c 21 cm =650 #4$$a Konflik Sosial =850 ##$$a NBPNMAT =020 ##$$a 979-8933-28-1 =084 ##$$a 303.6 PET k =710 #$$a Sutrisno, Edi =990 ##$$a 21008360 =990 ##$$a 2100362 =990 ##$$a 21008362 =990 ##$$a 21008359 =990 ##$$a 21008361